Upanishaddrushyageet samskriti/ (Record no. 48279)

000 -LEADER
fixed length control field 00404nam a22001691a 4500
020 ## - INTERNATIONAL STANDARD BOOK NUMBER
ISBN 8170811681
082 ## - DEWEY DECIMAL CLASSIFICATION NUMBER
Classification number H 294.592 18
Item number VED/U
100 ## - MAIN ENTRY--AUTHOR NAME
Personal name Vedavati Vaidic
245 ## - TITLE STATEMENT
Title Upanishaddrushyageet samskriti/
Statement of responsibility, etc by Vedavati Vaidic
260 ## - PUBLICATION, DISTRIBUTION, ETC. (IMPRINT)
Place of publication Delhi:
Name of publisher Nag,
Year of publication 2003.
300 ## - PHYSICAL DESCRIPTION
Number of Pages 672p.
650 ## - SUBJECT ADDED ENTRY--TOPICAL TERM
Topical Term Upanishad
650 ## - SUBJECT ADDED ENTRY--TOPICAL TERM
Topical Term Vedic Literature
650 ## - SUBJECT ADDED ENTRY--TOPICAL TERM
Topical Term Hinduism
650 ## - SUBJECT ADDED ENTRY--TOPICAL TERM
Topical Term Religion
942 ## - ADDED ENTRY ELEMENTS (KOHA)
Koha item type Book
Holdings
Withdrawn status Lost status Damaged status Not for loan Permanent Location Current Location Date acquired Cost, normal purchase price Full call number Accession Number Cost, replacement price Price effective from Koha item type
        Sree Sankaracharya University of Sanskrit Sree Sankaracharya University of Sanskrit 08.01.2015 246.00 H 294.592 18 VED/U 042121 0.00 08.01.2015 Book